Statistiques concernant Symboles en 🔌 electricité 💡

Cliquez ici pour prendre le quiz!

Statistiques générales

  • Ce quiz a Ă©tĂ© pris 317 fois
  • Le rĂ©sultat moyen est 6 sur 9

Statistiques - réponses

RĂ©ponse% Correct
Lampe
88%
Moteur
83%
RĂ©sistance
82%
Pile
79%
Diode
78%
Interrupteur fermé
62%
Interrupteur ouvert
62%
Ampèremètre
57%
Diode Ă©lectroluminescente
55%

Distribution des résultats

Percentile par nombre de réponses

% des personnes avec chaque résultat

Votre développement - résultats

Vous n’avez pas pris ce quiz